Almanach 1964 de l´Humanité /

Uložené v:
Podrobná bibliografia
Ďalší autori: Fratellini, Anne (Compiler)
Médium: Kniha
Jazyk:French
Vydané: Paris : l´Humanité, 1964.
Vydanie:1st ed.
ISBN: (brož.)
Fyzický popis: 256 s.
Tagy: Pridať tag
Žiadne tagy, Buďte prvý kto otaguje tento záznam!

MARC

LEADER 00000nam a22000004a 4500
001 000464413
005 20170706083944.0
008 150415 1964 fr e fre d
020 |a (brož.)  |c Kčs 9,00 
040 |a SVKKK  |b slo  |c SVKKK  |e AACR2 
041 0 |a fre 
044 |a fr  |c FR 
245 1 0 |a Almanach 1964 de l´Humanité /  |c zost. Annie Fratellini. 
250 |a 1st ed. 
260 |a Paris :  |b l´Humanité,  |c 1964. 
300 |a 256 s. 
700 1 |a Fratellini, Anne  |4 com 
910 |a svkkk 
998 |a BK 
090 |g SCKHL  |k Sklad Pribinova 1. posch.  |a IV.32040  |j 330807  |i 464413-10  |s Absenčne